Diseño estadístico: para investigadores de las Ciencias Sociales y de la Conducta

Uloženo v:
Podrobná bibliografie
Hlavní autor: Cortada de Kohan, Nuria (Autor)
Médium: Kniha
Jazyk:španělština
Vydáno: Buenos Aires EUDEBA 1994
Vydání:1a. ed
Témata:
Tagy: Přidat tag
Žádné tagy, Buďte první, kdo vytvoří štítek k tomuto záznamu!

MARC

LEADER 00000cam a2200000 a 4500
001 UCD6826
003 CL-VaPUC
008 170226e19940000ag |||||||||||||||||spa|d
020 |a 9502305698 
082 0 4 |a 001.422  |b COR  |2 21 
100 0 |a Cortada de Kohan, Nuria  |e author  |9 590662 
245 1 0 |a Diseño estadístico: para investigadores de las Ciencias Sociales y de la Conducta 
250 |a 1a. ed 
300 |a 544 p 
942 |c BK 
945 |d 20170226 00:48:00  |a dcastane 
260 |a Buenos Aires  |b EUDEBA  |c 1994 
650 0 |a Métodos de investigación   |9 262618 
650 7 |a DISEÑO ESTADISTICO  |2 CL-VaPUC  |9 324713 
650 0 |a Métodos estadísticos   |9 259407 
650 7 |a MUESTREOS  |2 CL-VaPUC  |9 373772 
650 0 |a Control de variables  |9 574513 
583 |a last modification  |c 20170226 00:48:00  |k Rodrigo Vera 
999 |c 367004  |d 367002 
952 |0 0  |1 0  |3 erb  |4 0  |6 001_422000000000000_COR_1994  |7 0  |8 A  |9 481682  |a BIBENE  |b BIBENE  |i 5327555  |o 001.422 COR 1994  |p 5327555  |r 2025-01-15  |w 2019-11-24  |y BK  |z Catalogado en:20170226  |k ICO